Top 5 najludniejszych państw Oceanii - Statystyki

Ogólne statystyki
  • Ten quiz został rozwiązany 424 razy
  • Średni wynik to 4 z 5
Statystyki odpowiedzi
Ludność Państwo % Poprawnych
21 714 000 Australia
97%
4 186 000 Nowa Zelandia
96%
5 932 000 Papua-Nowa Gwinea
82%
844 000 Fidżi
71%
552 000 Wyspy Salomona
59%
Nie znaleziono quizów pasujących do podanych kryteriów
Rozkład punktacji
Procent ludzi z każdym wynikiem
Percentyl według liczby udzielonych odpowiedzi
Twoja historia wyników
Nie rozwiązałeś tego quizu